[Event "Landesliga Nord 0910"]
[Site "Bayern"]
[Date "2010.03.21"]
[Round "8.7"]
[White "Paar, Johannes"]
[Black "Fredrich, Viktor"]
[Result "1-0"]
[WhiteElo "1927"]
[BlackElo "1916"]
[PlyCount "227"]
[EventDate "2009.10.18"]
[EventType "team-tourn"]
[EventRounds "9"]
[EventCountry "GER"]
[SourceTitle "EXT 2011"]
[Source "ChessBase"]
[SourceDate "2010.11.26"]
[SourceVersion "1"]
[SourceVersionDate "2010.11.26"]
[SourceQuality "1"]
[WhiteTeam "Schwandorf"]
[BlackTeam "Kulmbach"]
[WhiteTeamCountry "GER"]
[BlackTeamCountry "GER"]

1. d4 Nf6 2. c4 g6 3. Nc3 Bg7 4. e4 d6 5. Be2 0-0 6. Nf3 Nc6 7. d5 Ne5 8. Nd4 c5 9. dxc6 Nxc6 10. Be3 Bd7 11. 0-0 Qc8 12. f3 Ne5 13. b3 h5 14. Rc1 Kh7 15. Qd2 b6 16. Nd5 Qd8 17. b4 e6 18. Nc3 Qe7 19. Bg5 Rfc8 20. f4 Nxc4 21. Bxc4 Rxc4 22. e5 dxe5 23. fxe5 Qxb4 24. Nb3 Be8 25. exf6 Bf8 26. Ne2 Qxd2 27. Bxd2 Bb5 28. Rxc4 Bxc4 29. Re1 Rd8 30. Nec1 Ba3 31. Bc3 a5 32. Nd2 Bd5 33. Ncb3 a4 34. Nd4 Bc5 35. Kh1 Bxa2 36. N4f3 Bd5 37. Ng5+ Kg8 38. Nge4 Bf8 39. h3 b5 40. Rb1 Rb8 41. Be5 Rb7 42. Nd6 Rd7 43. Nxb5 Bxg2+ 44. Kxg2 Rxd2+ 45. Kf3 Rd5 46. Ke4 a3 47. Nc3 Ra5 48. Rb8 Ra6 49. Na2 Ra4+ 50. Kf3 Ra6 51. Bc3 g5 52. Bb4 Kh7 53. Rxf8 Kg6 54. Bc3 Ra4 55. Rg8+ Kf5 56. Rg7 Ra7 57. Rg8 e5 58. Re8 Kxf6 59. Rxe5 Kg6 60. Kg2 Ra6 61. Ra5 Rxa5 62. Bxa5 h4 63. Bb4 Kh5 64. Bxa3 g4 65. hxg4+ Kxg4 66. Nc3 f5 67. Ne2 f4 68. Ng1 f3+ 69. Nxf3 h3+ 70. Kf2 Kf4 71. Nh2 Ke4 72. Kg3 Ke3 73. Kxh3 Kf2 74. Bc1 Ke2 75. Kg2 Kd1 76. Bf4 Ke2 77. Nf3 Kd3 78. Kf2 Ke4 79. Bh2 Kd3 80. Ng5 Kd2 81. Be5 Kd3 82. Kf3 Kc4 83. Ke4 Kc5 84. Ne6+ Kc6 85. Nf8 Kc5 86. Bd4+ Kd6 87. Ng6 Ke6 88. Nf4+ Kd6 89. Be5+ Kc5 90. Ne6+ Kc4 91. Bd4 Kb5 92. Kd5 Ka6 93. Kc6 Ka5 94. Kc5 Ka6 95. Nc7+ Kb7 96. Kd6 Kc8 97. Kc6 Kb8 98. Bc5 Kc8 99. Ba7 Kd8 100. Nd5 Ke8 101. Kd6 Kf7 102. Ne7 Kf6 103. Be3 Kf7 104. Bg5 Ke8 105. Ke6 Kd8 106. Bf4 Ke8 107. Bc7 Kf8 108. Nf5 Ke8 109. Ng7+ Kf8 110. Kf6 Kg8 111. Kg6 Kf8 112. Bd6+ Kg8 113. Nf5 Kh8 114. Be5+ 1-0

[Event "Landesliga Nord 0809"]
[Site "Bayern"]
[Date "2009.03.01"]
[Round "7.7"]
[White "Fredrich, Viktor"]
[Black "Sargin, Anatol"]
[Result "1/2-1/2"]
[WhiteElo "1979"]
[BlackElo "2112"]
[PlyCount "118"]
[EventDate "2008.10.05"]
[EventType "team-tourn"]
[EventRounds "9"]
[EventCountry "GER"]
[SourceTitle "EXT 2020"]
[Source "ChessBase"]
[SourceDate "2019.10.17"]
[SourceVersion "1"]
[SourceVersionDate "2019.10.17"]
[SourceQuality "1"]
[WhiteTeam "Kulmbach"]
[BlackTeam "Nuernberg NT II"]
[WhiteTeamCountry "GER"]
[BlackTeamCountry "GER"]

1. d4 e6 2. c4 d5 3. Nc3 f5 4. Nf3 Nf6 5. a3 c6 6. e3 Bd6 7. Be2 0-0 8. 0-0 Bd7 9. Qc2 Ne4 10. Ne5 Be8 11. f3 Nxc3 12. Qxc3 Bh5 13. Bd3 Nd7 14. Bd2 Qc7 15. Nxd7 Qxd7 16. c5 Be7 17. b4 g5 18. Rae1 Bf6 19. f4 Kh8 20. Be2 Bxe2 21. Rxe2 Rg8 22. Kh1 Rg6 23. g3 Rag8 24. Qd3 Qg7 25. Bc3 h5 26. Rg2 h4 27. Rfg1 Qh7 28. gxh4 gxf4 29. Rxg6 Rxg6 30. Rxg6 Qxg6 31. exf4 Qg4 32. Qg3 Kg7 33. Kg2 Kh6 34. Qxg4 fxg4 35. h3 Kh5 36. hxg4+ Kxg4 37. h5 Kxf4 38. h6 Kg5 39. Bd2+ Kg6 40. Be3 e5 41. dxe5 Bxe5 42. Kf3 a6 43. Bd2 Bf6 44. Kg4 Be7 45. h7 Bf6 46. Bc1 Bc3 47. Kf4 a5 48. bxa5 Bd4 49. Kg4 Kxh7 50. Kf5 Bxc5 51. Ke6 d4 52. Kd7 d3 53. a6 bxa6 54. Kxc6 Bxa3 55. Bd2 Bf8 56. Kb6 Kg6 57. Kxa6 Bh6 58. Kb5 Kg7 59. Kc4 Kf8 1/2-1/2